000
00281nam a22001217a 4500
003
SGT
082
_a
610
_b
RAW
100
_a
RAWAL , KUNAL
245
_a
HEALTH SPECTRUM AN OVERVIEW OF HEALTH CARE SYSTEM IN INDIA
260
_a
BHOPAL
_b
NITYA
_c
2023
300
_a
95
942
_2
ddc
_c
BK
999
_c
25193
_d
25193